000 00881nam a2200217Ia 4500
001 1684
003 GE_BSU
008 181216s||||||||xx |||||||||||||| ||und||
040 _cGE_BSU
080 _a378.4(479.223)(061)
245 _aშოთა რუსთაველის სახელმწიფო უნივერსიტეტის შრომები XVI.
245 _bგანათლების ფილოსოფი,ფსიქოლოგია . პედაგოგიკა.
260 _aბათუმი
260 _bშოთა რუსთაველის სახ. უნ–ტი
260 _c2010
300 _a178 გვ. 26 სმ.
541 _h10 ლ.
653 _aგანათლების ფილოსოფია.
653 _aგსიქოლოგია, პედაგოგიკა
942 _cBK
999 _c35799
_d35799